<?xml version="1.0" encoding="UTF-8"?><?xml-stylesheet type="text/xsl" href="static/style.xsl"?><OAI-PMH xmlns="http://www.openarchives.org/OAI/2.0/" xmlns:xsi="http://www.w3.org/2001/XMLSchema-instance" xsi:schemaLocation="http://www.openarchives.org/OAI/2.0/ http://www.openarchives.org/OAI/2.0/OAI-PMH.xsd"><responseDate>2026-04-13T08:13:41Z</responseDate><request verb="GetRecord" identifier="oai:www.recercat.cat:2072/473817" metadataPrefix="marc">https://recercat.cat/oai/request</request><GetRecord><record><header><identifier>oai:recercat.cat:2072/473817</identifier><datestamp>2025-04-03T10:22:59Z</datestamp><setSpec>com_2072_98</setSpec><setSpec>col_2072_378192</setSpec></header><metadata><record xmlns="http://www.loc.gov/MARC21/slim" xmlns:dcterms="http://purl.org/dc/terms/" xmlns:xsi="http://www.w3.org/2001/XMLSchema-instance" xmlns:doc="http://www.lyncode.com/xoai" xsi:schemaLocation="http://www.loc.gov/MARC21/slim http://www.loc.gov/standards/marcxml/schema/MARC21slim.xsd">
   <leader>00925njm 22002777a 4500</leader>
   <datafield ind2=" " ind1=" " tag="042">
      <subfield code="a">dc</subfield>
   </datafield>
   <datafield ind2=" " ind1=" " tag="720">
      <subfield code="a">García García, Carmen J.</subfield>
      <subfield code="e">author</subfield>
   </datafield>
   <datafield ind2=" " ind1=" " tag="720">
      <subfield code="a">González Echevarría, Aurora</subfield>
      <subfield code="e">author</subfield>
   </datafield>
   <datafield ind2=" " ind1=" " tag="260">
      <subfield code="c">2016</subfield>
   </datafield>
   <datafield ind2=" " ind1=" " tag="520">
      <subfield code="a">Se relaciona el conjunto de elementos conceptuales y teóricos barajados en las discusiones de los últimos cinco años sobre reproducción y crianza como tema de estudio emergente en respuesta a su diversidad y problemática en la sociedad actual. Se refieren a los encuentros promovidos por el grupo de investigación del Parentesco getp-GRAFO de la UAB con la participación de otros grupos e investigadores que vienen trabajando sobre este tema. Se agrupan en torno a un proyecto multidisciplinar que aborda las conexiones de diversas disciplinas con la Parentalidad como propiedad biopsicosocial de los humanos y otras especies filogenéticamente emparentadas. Responde a la necesidad de encontrar vías de comunicación a partir de las trayectorias y formaciones dispares, lo que facilitará nuevas colaboraciones.</subfield>
   </datafield>
   <datafield ind2=" " ind1=" " tag="520">
      <subfield code="a">This text relates to a set of conceptual and theoretical elements posed in the discussions of the last five years on reproduction and childrearing as an emergent subject of study. This work emerges in response to the complexity of these issues and the problems surrounding them in today's society. The work is promoted by the research group getp-GRAFO at the UAB, with the collaboration of other groups and researchers who have been regularly working on that issue. They gather around a multidisciplinary project that addresses connections between different disciplines and parenthood as a biopsychosocial property of human beings and other phylogenetically related species. It speaks to the need to open new communication paths based on different trajectories and backgrounds, which will ease further cooperation.</subfield>
   </datafield>
   <datafield tag="653" ind2=" " ind1=" ">
      <subfield code="a">Parentalidad</subfield>
   </datafield>
   <datafield tag="653" ind2=" " ind1=" ">
      <subfield code="a">Cuidados parentales</subfield>
   </datafield>
   <datafield tag="653" ind2=" " ind1=" ">
      <subfield code="a">Biología evolutiva</subfield>
   </datafield>
   <datafield tag="653" ind2=" " ind1=" ">
      <subfield code="a">Paleoantropología</subfield>
   </datafield>
   <datafield tag="653" ind2=" " ind1=" ">
      <subfield code="a">Origen de la cultura</subfield>
   </datafield>
   <datafield tag="653" ind2=" " ind1=" ">
      <subfield code="a">Evolutionary biology</subfield>
   </datafield>
   <datafield tag="653" ind2=" " ind1=" ">
      <subfield code="a">Origin of culture</subfield>
   </datafield>
   <datafield tag="653" ind2=" " ind1=" ">
      <subfield code="a">Paleoanthropology</subfield>
   </datafield>
   <datafield tag="653" ind2=" " ind1=" ">
      <subfield code="a">Parental care</subfield>
   </datafield>
   <datafield tag="653" ind2=" " ind1=" ">
      <subfield code="a">Parenthood</subfield>
   </datafield>
   <datafield ind2="0" ind1="0" tag="245">
      <subfield code="a">Diálogo interdisciplinar : aproximación biosocial a la parentalidad. 1ª parte</subfield>
   </datafield>
</record></metadata></record></GetRecord></OAI-PMH>